000 00344nam a2200145Ia 4500
008 220919s9999 xx 000 0 und d
020 _a9780099582076
082 _a823.914
_bRUS
100 _aRUSHDIE, SALMAN
245 0 _aMIDNIGHT`S CHILDREN
260 _bVINTAGE BOOKS, LONDON
_c2013
300 _a647
650 _aEnglish
942 _cBK
999 _c169694
_d169694